000 00987cam a22003135 4500
999 _c9093
_d9093
001 9093
003 BD-JhCC
005 20181021104316.0
008 990225s1965 enkc b 000 ubeng
035 _a(BD-JhCC)9093
035 _a(UkDhU)b12597880
035 _a(RLG)180012597880
035 _a(BD-JhCC)
035 _a(UkLCURL)180012597880
035 _a3836232
040 _aOCoLC
_dUkDhU
_dCUD
_dOCoLC
_dBD-JhCC
041 _aeng
082 _bJEF 1965
_a828.4
100 1 _aJeffares, A. Norman
_q(Alexander Norman),
_d1920-2005.
245 1 0 _aGeorge Moore /
_cby A. Norman Jeffares.
260 _a[London] :
_bPublished for the British Council by Longmans, Green,
_c[1965]
300 _a43 p :
_bport ;
_c22 cm.
490 0 _aBibliographical series of supplements to British book news on writers and their work ;
_vno.180
504 _aBibliography: p. 39-43.
600 1 0 _aMoore, George,
_d1852-1933.
650 _aNovelists, English
942 _2ddc
_cBK